000 00673nam a2200205Ia 4500
008 150610s9999 xx 000 0 und d
020 _a9781423140573
050 _aPZ7
_b.R479e 2012  
100 _aRiordan, Rick
245 4 _aThe serpent's shadow /
_cRick Riordan.
250 _a1st ed.
260 _aNew York :
_bDisney /Hyperion Books, 
_c2012.
300 _a406pages ;
_c22 cm.
440 _aThe Kane chronicles ; book 3
_vv.3
520 _aJuvenile literature.
650 _aMagic
_xJuvenile literature.
650 _aMythology, Egyptian
_xJuvenile literature.
650 _aSnakes
_bJuvenile literature.
650 _aVoyages and travels
_bJuvenile literature
999 _c287886
_d287886